000 00638nam a2200241Ia 4500
001 25650
005 20240114000852.0
007 ta
008 060427s1963 g b000 u 465 u
040 _aCotton College Assam
041 _a465
082 _a823.09
_bD 428 P
100 _aMaurois, Andre .
245 0 _aPrometheus: The Life of Balzac /
_cAndre Maurois.
_hTextual Documents
250 _a1st ed. /
260 _aMiddlesex :
_bPenguin Books Ltd ,
_c1963.
300 _a642p. ;
_c20cm.
653 _aEnglish Novel-Criticism
653 _aG-English
942 _2ddc
_cBK
999 _c25632
_d25632